[Event "Open Parla 2008"]
[Site "Parla ESP"]
[Date "2008.09.13"]
[Round "8.14"]
[White "Elissalt Cardenas, Hector"]
[Black "Lopez de Turiso Sanchez, Jose Ang"]
[Result "1-0"]
[WhiteElo "2317"]
[BlackElo "2137"]
[PlyCount "77"]
[EventDate "2008.09.06"]
[EventType "swiss"]
[EventRounds "9"]
[EventCountry "AUT"]
[Source "lmi"]
[SourceDate "2008.09.06"]

1. d4 f5 2. Nf3 Nf6 3. e3 e6 4. Bd3 b6 5. c4 Bb7 6. O-O Be7 7. Nc3 O-O 8. Qc2
Bxf3 9. gxf3 Nc6 10. a3 Qe8 11. f4 h6 12. Kh1 Qh5 13. Qe2 Qxe2 14. Nxe2 Kf7 15.
b4 g5 16. d5 Nd8 17. f3 a5 18. Bd2 axb4 19. axb4 Rxa1 20. Rxa1 exd5 21. cxd5
Nb7 22. Bxf5 Nxd5 23. fxg5 hxg5 24. Bxd7 Nxb4 25. Ra7 Rd8 26. Bxb4 Bxb4 27. Bb5
Nd6 28. Rxc7+ Kf6 29. Bd3 Nf5 30. Bxf5 Kxf5 31. Nd4+ Kf6 32. Rc6+ Rd6 33. Rxd6+
Bxd6 34. Kg2 Bc5 35. Kf2 Bxd4 36. exd4 Ke6 37. f4 g4 38. Ke3 Kd5 39. f5 1-0

[Event "Open Parla 2008"]
[Site "Parla ESP"]
[Date "2008.09.13"]
[Round "8.15"]
[White "Ballesteros Gonzalez, David"]
[Black "Molina Rodriguez, Jorge Luis"]
[Result "1-0"]
[WhiteElo "2285"]
[BlackElo "2105"]
[PlyCount "71"]
[EventDate "2008.09.06"]
[EventType "swiss"]
[EventRounds "9"]
[EventCountry "AUT"]
[Source "lmi"]
[SourceDate "2008.09.06"]

1. Nf3 Nf6 2. d4 g6 3. c4 c5 4. d5 b5 5. cxb5 a6 6. b6 Qxb6 7. Nc3 d6 8. a4 Bg7
9. a5 Qb4 10. Ra4 Qb7 11. e4 O-O 12. h3 Bd7 13. Ra3 Qb4 14. Nd2 Ne8 15. Nc4 Qb7
16. Nb6 Ra7 17. Bg5 Nf6 18. Be2 Be8 19. O-O Nbd7 20. Rb3 Nxb6 21. Rxb6 Qa8 22.
Qb3 Bb5 23. Re1 Rc8 24. Nxb5 axb5 25. Bxb5 Rxa5 26. Bc6 Qa7 27. Rb7 Qa6 28.
Rxe7 Ra1 29. Rxa1 Qxa1+ 30. Kh2 Rf8 31. Bf4 Qb1 32. Qe3 Rd8 33. b3 Kf8 34. e5
Nh5 35. exd6 Nf6 36. d7 1-0

[Event "Open Parla 2008"]
[Site "Parla ESP"]
[Date "2008.09.13"]
[Round "8.16"]
[White "Perez Gonzalez, Jose Manuel"]
[Black "Montanes Arribas, Adrian"]
[Result "1-0"]
[WhiteElo "2255"]
[BlackElo "2034"]
[PlyCount "83"]
[EventDate "2008.09.06"]
[EventType "swiss"]
[EventRounds "9"]
[EventCountry "AUT"]
[Source "lmi"]
[SourceDate "2008.09.06"]

1. e4 e5 2. Nf3 Nf6 3. Nxe5 d6 4. Nf3 Nxe4 5. Nc3 Nxc3 6. dxc3 Be7 7. Bf4 Nd7
8. Qd2 O-O 9. O-O-O Nc5 10. Nd4 Ne6 11. Be3 Bg5 12. Bc4 Bxe3 13. Qxe3 Qg5 14.
Qxg5 Nxg5 15. Rhe1 Ne6 16. Rd2 Nxd4 17. Rxd4 Be6 18. f3 Rfe8 19. Rde4 Kf8 20.
Bxe6 fxe6 21. Rxe6 Rxe6 22. Rxe6 Kf7 23. Re2 a5 24. Kd2 Ra6 25. c4 Rc6 26. Kd3
Rc5 27. c3 b6 28. h3 h5 29. g4 g6 30. b4 Re5 31. f4 Rxe2 32. Kxe2 c6 33. Kd3
Kf6 34. Ke4 Ke6 35. b5 d5+ 36. cxd5+ cxd5+ 37. Kd4 a4 38. a3 h4 39. f5+ gxf5
40. gxf5+ Kxf5 41. Kxd5 Kf4 42. c4 1-0

[Event "Open Parla 2008"]
[Site "Parla ESP"]
[Date "2008.09.13"]
[Round "8.17"]
[White "Solaesa Navalpotro, Luis Julio"]
[Black "Rodriguez Yuste, Marcelo"]
[Result "1/2-1/2"]
[WhiteElo "2216"]
[BlackElo "2243"]
[PlyCount "52"]
[EventDate "2008.09.06"]
[EventType "swiss"]
[EventRounds "9"]
[EventCountry "AUT"]
[Source "lmi"]
[SourceDate "2008.09.06"]

1. d4 e6 2. c4 f5 3. g3 Nf6 4. Bg2 d5 5. Nh3 c6 6. Qc2 Qb6 7. e3 Bb4+ 8. Nd2
O-O 9. O-O Be7 10. Nf3 Ne4 11. Ne5 Nd7 12. Nd3 Qd8 13. Nhf4 Ndf6 14. f3 Nd6 15.
Nc5 Kf7 16. b3 g5 17. Nfd3 Kg8 18. Ne5 Nf7 19. Ncd3 Nxe5 20. dxe5 Nd7 21. cxd5
cxd5 22. Bb2 Rb8 23. e4 fxe4 24. fxe4 d4 25. Bxd4 b6 26. Rxf8+ Nxf8 1/2-1/2

[Event "Open Parla 2008"]
[Site "Parla ESP"]
[Date "2008.09.13"]
[Round "8.18"]
[White "Gago Padreny, Ignacio"]
[Black "Estrada Martinez, Cesar"]
[Result "1-0"]
[WhiteElo "2169"]
[BlackElo "2225"]
[PlyCount "81"]
[EventDate "2008.09.06"]
[EventType "swiss"]
[EventRounds "9"]
[EventCountry "AUT"]
[Source "lmi"]
[SourceDate "2008.09.06"]

1. d4 d5 2. Nf3 Nf6 3. c4 c6 4. Nc3 g6 5. cxd5 cxd5 6. Bf4 Nc6 7. h3 Bg7 8. e3
Bf5 9. Bb5 O-O 10. O-O Rc8 11. Rc1 a6 12. Bxc6 Rxc6 13. Ne5 Rc8 14. Qb3 b5 15.
a4 bxa4 16. Nxa4 Ne4 17. Rxc8 Bxc8 18. Nc6 Qd7 19. Qxd5 Qxd5 20. Nxe7+ Kh8 21.
Nxd5 Be6 22. Ndc3 Nd2 23. Rd1 Nb3 24. Ne4 Rc8 25. Nec5 Nxc5 26. Nxc5 Bc4 27. b3
Bb5 28. b4 Bf8 29. Ra1 Kg7 30. e4 f6 31. Ra5 g5 32. Be3 Ra8 33. Ne6+ Kf7 34.
Nc7 Rb8 35. Nxa6 Bxa6 36. Rxa6 Bxb4 37. e5 Be7 38. Ra7 Rb1+ 39. Kh2 Rd1 40.
exf6 Kxf6 41. Bxg5+ 1-0

[Event "Open Parla 2008"]
[Site "Parla ESP"]
[Date "2008.09.13"]
[Round "8.20"]
[White "Cabanas Bravo, Juan Andres"]
[Black "Sanchez-Guijaldo Vela, Demetrio"]
[Result "0-1"]
[WhiteElo "2019"]
[BlackElo "2141"]
[PlyCount "50"]
[EventDate "2008.09.06"]
[EventType "swiss"]
[EventRounds "9"]
[EventCountry "AUT"]
[Source "lmi"]
[SourceDate "2008.09.06"]

1. e4 e6 2. d4 d5 3. Nc3 Nf6 4. Bg5 Be7 5. e5 Nfd7 6. h4 Bxg5 7. hxg5 Qxg5 8.
Nh3 Qe7 9. Nf4 Nc6 10. Qd2 g6 11. Bd3 Nxd4 12. Bxg6 fxg6 13. Qxd4 O-O 14. b4 a5
15. b5 c5 16. bxc6 bxc6 17. Nd3 c5 18. Nxd5 Qf7 19. Qg4 exd5 20. e6 Qe7 21. Nf4
Nf6 22. Qh4 Qg7 23. Qg5 Bxe6 24. Nxe6 Rfe8 25. Qe3 Qf7 0-1

[Event "Open Parla 2008"]
[Site "Parla ESP"]
[Date "2008.09.13"]
[Round "8.21"]
[White "Vazquez Gonzalez, Francisco"]
[Black "Andalon Gomez, Carlos Jesus"]
[Result "1/2-1/2"]
[WhiteElo "2125"]
[BlackElo "2017"]
[PlyCount "94"]
[EventDate "2008.09.06"]
[EventType "swiss"]
[EventRounds "9"]
[EventCountry "AUT"]
[Source "lmi"]
[SourceDate "2008.09.06"]

1. e4 e6 2. d4 d5 3. e5 c5 4. c3 Nc6 5. Be3 Qb6 6. Qd2 cxd4 7. cxd4 Nge7 8. Bd3
Nb4 9. Bc2 Nf5 10. Nf3 Bd7 11. Nc3 Rc8 12. a3 Na6 13. O-O g6 14. Bd3 Nxe3 15.
fxe3 Bg7 16. b4 O-O 17. Rac1 Bh6 18. Kh1 f6 19. exf6 Rxf6 20. Ne5 Rxf1+ 21.
Bxf1 Be8 22. Nxd5 Rxc1 23. Nf6+ Kf8 24. Qxc1 Qd8 25. Nfg4 Bg7 26. Bxa6 bxa6 27.
Qf1+ Kg8 28. Qxa6 Qd5 29. Qc8 Kf8 30. Qc5+ Qxc5 31. bxc5 h5 32. Nf2 Bxe5 33.
dxe5 Ke7 34. Nd3 Kd7 35. Kg1 Kc6 36. Kf2 Kd5 37. Ke2 Bb5 38. Kd2 Bxd3 39. Kxd3
Kxc5 40. e4 g5 41. h3 h4 42. Kc3 a6 43. Kd3 Kb5 44. Kd4 a5 45. Kc3 Kc5 46. Kb3
Kb5 47. Kc3 Kc5 1/2-1/2

[Event "Open Parla 2008"]
[Site "Parla ESP"]
[Date "2008.09.13"]
[Round "8.22"]
[White "Martin Rodriguez, Emilio"]
[Black "Baeza Escudero, Javier"]
[Result "1-0"]
[WhiteElo "2123"]
[BlackElo "1971"]
[PlyCount "99"]
[EventDate "2008.09.06"]
[EventType "swiss"]
[EventRounds "9"]
[EventCountry "AUT"]
[Source "lmi"]
[SourceDate "2008.09.06"]

1. d4 d5 2. c4 c6 3. Nf3 Nf6 4. Nc3 e6 5. Bg5 Nbd7 6. cxd5 exd5 7. e3 Qa5 8.
Bd3 Ne4 9. O-O Nxg5 10. Nxg5 Nf6 11. f4 Bb4 12. Qc2 h6 13. Nf3 O-O 14. Ne5 Re8
15. Rf3 Bxc3 16. bxc3 Ne4 17. Rc1 Qd8 18. c4 f6 19. cxd5 cxd5 20. Ng6 Bf5 21.
Nh4 Rc8 22. Qb1 Nd2 23. Rxc8 Nxf3+ 24. gxf3 Bxc8 25. Bh7+ Kh8 26. Qd3 f5 27.
Nxf5 Bxf5 28. Bxf5 Qh4 29. Kg2 g5 30. Bg6 Rf8 31. Qa3 Rf6 32. f5 g4 33. Qe7
gxf3+ 34. Kf1 Qh3+ 35. Ke1 Qh4+ 36. Kd1 Kg8 37. Qd8+ Kg7 38. Qd7+ Kf8 39. Qc8+
Ke7 40. Qxb7+ Kd6 41. Qb8+ Ke7 42. Qxa7+ Kd6 43. Qc5+ Kd7 44. Qxd5+ Rd6 45.
Be8+ Kxe8 46. Qxd6 f2 47. Ke2 Kf7 48. Qd7+ Kf8 49. Qd6+ Kf7 50. Qg3 1-0

[Event "Open Parla 2008"]
[Site "Parla ESP"]
[Date "2008.09.13"]
[Round "8.24"]
[White "Huguet Mainar, Sergio"]
[Black "Ramirez Bulnes, Joaquin"]
[Result "1-0"]
[WhiteElo "2109"]
[BlackElo "1954"]
[PlyCount "75"]
[EventDate "2008.09.06"]
[EventType "swiss"]
[EventRounds "9"]
[EventCountry "AUT"]
[Source "lmi"]
[SourceDate "2008.09.06"]

1. e4 c6 2. d4 d5 3. Nc3 dxe4 4. Nxe4 Nd7 5. Nf3 Ndf6 6. Ng3 e6 7. Bd3 Ne7 8.
c3 Ng6 9. O-O Be7 10. Re1 Qc7 11. Bg5 Nd5 12. Bxe7 Ndxe7 13. Nh5 Nf4 14. Nxf4
Qxf4 15. Ne5 Ng6 16. g3 Qf6 17. f4 Qe7 18. f5 Nxe5 19. Rxe5 Bd7 20. fxe6 Bxe6
21. Bf5 O-O-O 22. Qe2 Rd6 23. Re1 Kd7 24. Qe3 g6 25. Bh3 Re8 26. c4 f6 27. Rxe6
Rxe6 28. Qxe6+ Qxe6 29. Rxe6 Rxe6 30. d5 cxd5 31. cxd5 f5 32. dxe6+ Kxe6 33.
Kf2 Ke5 34. Ke3 h5 35. Bg2 b6 36. h4 a5 37. a4 Kf6 38. Kf4 1-0

[Event "Open Parla 2008"]
[Site "Parla ESP"]
[Date "2008.09.13"]
[Round "8.25"]
[White "Vazquez Torres, Adrian"]
[Black "Vazquez Gonzalez, Jesus"]
[Result "0-1"]
[WhiteElo "1981"]
[BlackElo "2080"]
[PlyCount "108"]
[EventDate "2008.09.06"]
[EventType "swiss"]
[EventRounds "9"]
[EventCountry "AUT"]
[Source "lmi"]
[SourceDate "2008.09.06"]

1. Nf3 Nc6 2. e4 f5 3. Nc3 fxe4 4. Nxe4 d5 5. Ng3 Nf6 6. d4 g6 7. Bf4 Bg7 8.
Bd3 Bg4 9. h3 Bxf3 10. gxf3 O-O 11. c3 e5 12. Bxe5 Nxe5 13. dxe5 Nd7 14. Qe2
Qg5 15. e6 Ne5 16. h4 Qf4 17. h5 Rae8 18. hxg6 hxg6 19. Kd1 Rxe6 20. Kc2 Qxf3
21. Rhf1 Qxd3+ 22. Qxd3 Nxd3 23. Kxd3 Rf3+ 24. Kd2 d4 25. c4 Bh6+ 26. Kc2 d3+
27. Kc3 Bf4 28. Rad1 Be5+ 29. Kd2 Bd4 30. Rde1 Rxe1 31. Kxe1 Bxf2+ 32. Rxf2
Rxg3 33. Kd2 g5 34. Kc3 g4 35. b4 Kg7 36. a4 Kg6 37. a5 Rf3 38. Rg2 Kf5 39. b5
g3 40. c5 d2+ 41. Kxd2 Rf2+ 42. Rxf2+ gxf2 43. Ke2 Ke6 44. b6 cxb6 45. cxb6
axb6 46. axb6 Kd5 47. Kxf2 Kc5 48. Ke3 Kxb6 49. Kd4 Ka5 50. Kc3 Ka4 51. Kb2 Kb4
52. Kb1 Kb3 53. Kc1 b5 54. Kb1 b4 0-1

[Event "Open Parla 2008"]
[Site "Parla ESP"]
[Date "2008.09.13"]
[Round "8.26"]
[White "Anton Guijarro, David"]
[Black "Gutierrez Gonzalez, Francisco Jav"]
[Result "1/2-1/2"]
[WhiteElo "2055"]
[BlackElo "1943"]
[PlyCount "105"]
[EventDate "2008.09.06"]
[EventType "swiss"]
[EventRounds "9"]
[EventCountry "AUT"]
[Source "lmi"]
[SourceDate "2008.09.06"]

1. d4 f5 2. e4 d6 3. Nc3 Nf6 4. Bg5 fxe4 5. Qd2 Bf5 6. Qf4 Bg6 7. Bc4 Nbd7 8.
Be6 c6 9. O-O-O d5 10. Qh4 h6 11. Bf4 Bh7 12. Qg3 Nh5 13. Qe3 Nxf4 14. Qxf4 Bg8
15. Bh3 Nf6 16. f3 Qd6 17. Qe3 g5 18. Bf5 Qf4 19. Qxf4 gxf4 20. fxe4 e6 21.
Bg6+ Bf7 22. Bxf7+ Kxf7 23. e5 Nh5 24. Rf1 Kg6 25. Nh3 Be7 26. Ne2 Raf8 27.
Nexf4+ Nxf4 28. Nxf4+ Rxf4 29. Rxf4 Bg5 30. Rhf1 Rf8 31. g3 Bxf4+ 32. gxf4 Kf5
33. Rg1 b6 34. b4 c5 35. bxc5 bxc5 36. dxc5 Rc8 37. Rg7 Kxf4 38. Rxa7 Rxc5 39.
Rh7 d4 40. Kd2 Rxe5 41. Rxh6 Kg5 42. Rh8 Ra5 43. h4+ Kf6 44. Rg8 Rxa2 45. Rg4
e5 46. h5 Ra8 47. Rh4 Kg5 48. Rh2 Ra6 49. Kd3 Ra3+ 50. Ke4 Kh6 51. Kd5 Re3 52.
Rf2 d3 53. cxd3 1/2-1/2

[Event "Open Parla 2008"]
[Site "Parla ESP"]
[Date "2008.09.13"]
[Round "8.28"]
[White "Tirado Parra, Alberto"]
[Black "Argente Rodriguez, Juan Jose"]
[Result "0-1"]
[WhiteElo "1983"]
[BlackElo "2129"]
[PlyCount "74"]
[EventDate "2008.09.06"]
[EventType "swiss"]
[EventRounds "9"]
[EventCountry "AUT"]
[Source "lmi"]
[SourceDate "2008.09.06"]

1. e4 c5 2. Nc3 Nc6 3. g3 g6 4. Bg2 Bg7 5. Nge2 Nf6 6. O-O d6 7. d3 O-O 8. h3
Rb8 9. Be3 Bd7 10. Qd2 Re8 11. f4 b5 12. f5 b4 13. Nd1 Ne5 14. g4 h5 15. gxh5
Nxh5 16. Bh6 Qc8 17. Nf2 f6 18. fxg6 Kh8 19. Kh2 Rg8 20. Rg1 Bf8 21. Bh1 Qe8
22. g7+ Bxg7 23. Bxg7+ Rxg7 24. Rxg7 Kxg7 25. Rg1+ Kh7 26. Nf4 Nxf4 27. Qxf4
Qh5 28. Qg3 Qh6 29. c3 Be6 30. Nd1 Rg8 31. Qe3 Qxe3 32. Nxe3 Rxg1 33. Kxg1 Nxd3
34. cxb4 cxb4 35. b3 Nc1 36. Nd5 Bxd5 37. exd5 Nxa2 0-1

[Event "Open Parla 2008"]
[Site "Parla ESP"]
[Date "2008.09.13"]
[Round "8.29"]
[White "Fuentes Arjona, Antonio"]
[Black "Sanchez Rodriguez, Jaime"]
[Result "1/2-1/2"]
[WhiteElo "2042"]
[BlackElo "1963"]
[PlyCount "133"]
[EventDate "2008.09.06"]
[EventType "swiss"]
[EventRounds "9"]
[EventCountry "AUT"]
[Source "lmi"]
[SourceDate "2008.09.06"]

1. e4 d5 2. exd5 Nf6 3. d4 Bg4 4. Nf3 Qxd5 5. Be2 Nc6 6. c4 Qf5 7. Nc3 O-O-O 8.
Be3 e6 9. h3 Bxf3 10. Bxf3 e5 11. Nd5 exd4 12. Bf4 Bb4+ 13. Kf1 Rxd5 14. cxd5
Ne5 15. Bxe5 Qxe5 16. Qb3 Qd6 17. g3 Rd8 18. a3 Bc5 19. Kg2 Bb6 20. Rhd1 Nxd5
21. Qxd5 Qxd5 22. Bxd5 Rxd5 23. b4 a5 24. Rd3 Kd7 25. Rb1 Rb5 26. Rbb3 a4 27.
Rb1 Ba7 28. Rc1 Rd5 29. Kf3 Kd6 30. Rc4 b5 31. Rc2 c5 32. bxc5+ Bxc5 33. g4 b4
34. Rc4 bxa3 35. Rxa4 Re5 36. Ra5 Re7 37. h4 Kc6 38. Rb3 Re1 39. Rb8 Rc1 40.
Ke2 Rc3 41. Rc8+ Kd5 42. Rcxc5+ Rxc5 43. Rxa3 Rc2+ 44. Ke1 Rc7 45. Kd2 Ke4 46.
Ra4 Rd7 47. Ke2 Kf4 48. f3 Kg3 49. h5 d3+ 50. Kd2 Kxf3 51. Rb4 g6 52. hxg6 fxg6
53. Ra4 h5 54. gxh5 gxh5 55. Rh4 Rd5 56. Rh1 Kg2 57. Rh4 Kg3 58. Rh1 h4 59.
Rg1+ Kh2 60. Rg4 h3 61. Rg6 Kh1 62. Rg7 h2 63. Rg6 Ra5 64. Kxd3 Ra2 65. Ke3 Rg2
66. Rb6 Rg8 67. Kf3 1/2-1/2

[Event "Open Parla 2008"]
[Site "Parla ESP"]
[Date "2008.09.13"]
[Round "8.31"]
[White "Jurado Rodriguez, Wilfredo"]
[Black "Escobar Pena, Rafael"]
[Result "1-0"]
[WhiteElo "2030"]
[BlackElo "1962"]
[PlyCount "65"]
[EventDate "2008.09.06"]
[EventType "swiss"]
[EventRounds "9"]
[EventCountry "AUT"]
[Source "lmi"]
[SourceDate "2008.09.06"]

1. e4 c5 2. Nf3 Nc6 3. d4 cxd4 4. Nxd4 Nf6 5. Nc3 e5 6. Ndb5 d6 7. Bg5 a6 8.
Na3 b5 9. Nd5 Qa5+ 10. Bd2 Qd8 11. Nxf6+ Qxf6 12. Bd3 Be6 13. O-O Qd8 14. c3
Be7 15. Nc2 Bg5 16. a4 bxa4 17. Bxg5 Qxg5 18. Qe2 Bh3 19. f3 O-O 20. Rxa4 a5
21. Ne3 Be6 22. Rfa1 Rab8 23. Nd5 f5 24. Bb5 Rfc8 25. Bxc6 Rxc6 26. Rxa5 Bxd5
27. exd5 Rcb6 28. b4 Rc8 29. Ra8 Rxa8 30. Rxa8+ Kf7 31. Kf2 Qh4+ 32. Kg1 Qf4
33. Ra1 1-0

[Event "Open Parla 2008"]
[Site "Parla ESP"]
[Date "2008.09.13"]
[Round "8.32"]
[White "Fernandez Garcia, Javier"]
[Black "Sanchez-Alarcos Galian, Victor"]
[Result "0-1"]
[WhiteElo "1924"]
[BlackElo "2026"]
[PlyCount "90"]
[EventDate "2008.09.06"]
[EventType "swiss"]
[EventRounds "9"]
[EventCountry "AUT"]
[Source "lmi"]
[SourceDate "2008.09.06"]

1. d4 Nf6 2. Nf3 e6 3. e3 b6 4. Bd3 Bb7 5. O-O Be7 6. c4 O-O 7. Nc3 d5 8. Ne5
dxc4 9. Bxc4 Nbd7 10. f4 c5 11. a4 Qc7 12. Nb5 Qb8 13. b3 a6 14. Nc3 Rd8 15.
Qe2 Qc7 16. Bb2 Nxe5 17. fxe5 Nd5 18. Ne4 Nb4 19. Qg4 Bxe4 20. Qxe4 Bf8 21.
Rad1 Qc6 22. Bd3 Qxe4 23. Bxe4 Nd5 24. Rd3 Rac8 25. Rfd1 c4 26. bxc4 Rxc4 27.
Ra1 Rdc8 28. Rb3 Rb4 29. Bxd5 exd5 30. Rxb4 Bxb4 31. Rc1 Rxc1+ 32. Bxc1 Kf8 33.
Kf2 Ke7 34. Kf3 Ke6 35. e4 Bc3 36. Ke3 b5 37. axb5 axb5 38. Kd3 b4 39. exd5+
Kxd5 40. Be3 Ba1 41. g4 b3 42. h4 b2 43. Kc2 b1=Q+ 44. Kxb1 Bxd4 45. e6 fxe6
0-1

[Event "Open Parla 2008"]
[Site "Parla ESP"]
[Date "2008.09.13"]
[Round "8.33"]
[White "Prada Valderrey, Julian"]
[Black "Tejedor Ariza, Francisco"]
[Result "1/2-1/2"]
[WhiteElo "1905"]
[BlackElo "2010"]
[PlyCount "139"]
[EventDate "2008.09.06"]
[EventType "swiss"]
[EventRounds "9"]
[EventCountry "AUT"]
[Source "lmi"]
[SourceDate "2008.09.06"]

1. e4 c5 2. Nf3 e6 3. d4 cxd4 4. Nxd4 Nf6 5. Nc3 Bb4 6. Bd3 d5 7. exd5 Nxd5 8.
Nde2 Nc6 9. O-O O-O 10. Nxd5 Qxd5 11. a3 Be7 12. Nc3 Qa5 13. Bf4 e5 14. Be3 f5
15. Bc4+ Kh8 16. b4 Bxb4 17. Nd5 Bc5 18. Bg5 Be6 19. Qe2 Bxd5 20. Bxd5 Bxf2+
21. Rxf2 Qxd5 22. Rd1 Qe6 23. Qe3 h6 24. Qh3 Qg6 25. Bc1 Rad8 26. Rdf1 f4 27.
Kh1 Qf5 28. Qc3 Rd7 29. Qc5 Rdf7 30. c3 Qe4 31. Rf3 Rd8 32. Qf2 Rfd7 33. Qg1
Qa4 34. g3 Rd1 35. gxf4 Rxf1 36. Rxf1 Qe4+ 37. Qg2 Qxg2+ 38. Kxg2 exf4 39. Rxf4
Rd1 40. Rf8+ Kh7 41. Bf4 Rd3 42. Rf7 Nd8 43. Re7 Kg6 44. Be5 Nc6 45. Rxg7+ Kf5
46. Bg3 b5 47. Rb7 a6 48. Be1 Rd1 49. Kf2 Ra1 50. Bd2 Rxa3 51. Rb6 Ne5 52. Bxh6
Ra2+ 53. Kg3 Ke4 54. Bg7 Ra3 55. Kg2 Rxc3 56. Rxa6 Rc2+ 57. Kg3 b4 58. Rb6 Rc3+
59. Kg2 Rc2+ 60. Kg3 Nd3 61. Bf8 Rc3 62. Bxb4 Nxb4+ 63. Kg4 Nd5 64. Re6+ Kd4
65. h4 Rc1 66. h5 Rg1+ 67. Kf5 Ne3+ 68. Kf6 Rh1 69. Kg5 Rg1+ 70. Kf6 1/2-1/2

[Event "Open Parla 2008"]
[Site "Parla ESP"]
[Date "2008.09.13"]
[Round "8.34"]
[White "Ruiz Quevedo, Andres"]
[Black "Burlacu, Laurentiu"]
[Result "0-1"]
[WhiteElo "1900"]
[BlackElo "2009"]
[PlyCount "70"]
[EventDate "2008.09.06"]
[EventType "swiss"]
[EventRounds "9"]
[EventCountry "AUT"]
[Source "lmi"]
[SourceDate "2008.09.06"]

1. c4 e5 2. b3 Nc6 3. Bb2 f5 4. Nc3 Nf6 5. g3 Bc5 6. Bg2 Ne7 7. e3 Bb4 8. Nge2
d6 9. O-O O-O 10. a3 Bxc3 11. Bxc3 c6 12. c5 e4 13. cxd6 Qxd6 14. Qc2 b6 15.
Rfd1 Ba6 16. Bf1 Bd3 17. Qb2 Ned5 18. Be5 Qe7 19. Nf4 Nxf4 20. gxf4 Ng4 21.
Bxd3 Qh4 22. Bc4+ Rf7 23. Bxf7+ Kxf7 24. d4 Nxh2 25. Kg2 Re8 26. b4 Re6 27. Qa2
Nf3 28. Rh1 Qg4+ 29. Kf1 h5 30. Rc1 Ke7 31. d5 Rg6 32. d6+ Kf8 33. d7 Nd2+ 34.
Qxd2 Qg2+ 35. Ke2 Qf3+ 0-1

[Event "Open Parla 2008"]
[Site "Parla ESP"]
[Date "2008.09.13"]
[Round "8.35"]
[White "Rodrigo Yanguas, Maria"]
[Black "Cerrato Torrijos, Maria"]
[Result "0-1"]
[WhiteElo "1999"]
[BlackElo "1877"]
[PlyCount "144"]
[EventDate "2008.09.06"]
[EventType "swiss"]
[EventRounds "9"]
[EventCountry "AUT"]
[Source "lmi"]
[SourceDate "2008.09.06"]

1. e4 c5 2. Nf3 d6 3. d4 cxd4 4. Nxd4 Nf6 5. Nc3 g6 6. Be2 Bg7 7. O-O Nc6 8.
Nb3 O-O 9. Bg5 a5 10. a4 Be6 11. f4 Bxb3 12. cxb3 Qb6+ 13. Kh1 Qb4 14. Bc4 Qc5
15. Rc1 h6 16. Bh4 Qh5 17. Qxh5 Nxh5 18. Nd5 Bxb2 19. Rcd1 Rae8 20. Bb5 e6 21.
Bxc6 bxc6 22. Ne7+ Kg7 23. Nxc6 Bc3 24. Rxd6 Rc8 25. Na7 Ra8 26. Nb5 Bb4 27.
Rd7 Kg8 28. g4 Nxf4 29. Rxf4 g5 30. Rf6 gxh4 31. Rxh6 Rad8 32. Rxd8 Rxd8 33.
Rxh4 Rd3 34. Kg2 Rxb3 35. g5 Rb2+ 36. Kf3 Ra2 37. e5 Rxa4 38. Rc4 Ra1 39. h4
Re1 40. Na7 Rxe5 41. Nc6 Rb5 42. h5 Bd2 43. g6 fxg6 44. Ne7+ Kg7 45. Nxg6 Rb4
46. Ne5 Rxc4 47. Nxc4 Bb4 48. Kf4 Bc3 49. h6+ Kg6 50. Ke3 Kxh6 51. Kd3 Bb4 52.
Ke4 Kg6 53. Ke5 Kf7 54. Nb6 Bc3+ 55. Ke4 Ke7 56. Na4 Be1 57. Ke5 Bg3+ 58. Ke4
Kd6 59. Nb2 Kc5 60. Kf3 Bc7 61. Ke4 e5 62. Nd3+ Kc4 63. Nb2+ Kb3 64. Nd3 a4 65.
Nc5+ Ka3 66. Kd5 Bb8 67. Na6 Kb2 68. Nxb8 a3 69. Nc6 a2 70. Nxe5 a1=Q 71. Nc4+
Kc1 72. Ne3 Kd2 0-1

[Event "Open Parla 2008"]
[Site "Parla ESP"]
[Date "2008.09.13"]
[Round "8.36"]
[White "Lopez Heras, Arturo"]
[Black "Cavalle Pulla, Daniel"]
[Result "1-0"]
[WhiteElo "1997"]
[BlackElo "1737"]
[PlyCount "25"]
[EventDate "2008.09.06"]
[EventType "swiss"]
[EventRounds "9"]
[EventCountry "AUT"]
[Source "lmi"]
[SourceDate "2008.09.06"]

1. e4 c5 2. Nf3 d6 3. Nc3 Nf6 4. Bc4 Nc6 5. d3 g6 6. Bg5 Bg7 7. h3 a6 8. a4 O-O
9. Qd2 Bd7 10. Bh6 Na5 11. Bxg7 Nxc4 12. Qh6 Nxb2 13. Ng5 1-0

[Event "Open Parla 2008"]
[Site "Parla ESP"]
[Date "2008.09.13"]
[Round "8.38"]
[White "Gomez, Gustavo Pizzocaro"]
[Black "Corregidor Serrano, Julian"]
[Result "1-0"]
[WhiteElo "2076"]
[BlackElo "1784"]
[PlyCount "107"]
[EventDate "2008.09.06"]
[EventType "swiss"]
[EventRounds "9"]
[EventCountry "AUT"]
[Source "lmi"]
[SourceDate "2008.09.06"]

1. d4 Nf6 2. Bg5 d5 3. Bxf6 exf6 4. e3 Bd6 5. Nd2 Be6 6. c4 Bb4 7. Ngf3 Nc6 8.
a3 Bxd2+ 9. Nxd2 O-O 10. Qc2 Ne7 11. Bd3 g6 12. O-O f5 13. Rac1 Rc8 14. b4 Qd7
15. Qb2 dxc4 16. Bxc4 Bd5 17. Bxd5 Nxd5 18. Nc4 Rfe8 19. Rfe1 Re6 20. Ne5 Qe7
21. Nd3 b6 22. Qb3 Nf6 23. b5 Ne4 24. Nb4 g5 25. Nc6 Qd7 26. Ne5 Qe7 27. Qd3
Rh6 28. Rc6 Nd6 29. Nc4 Rd8 30. Rc1 Rf6 31. Nxd6 cxd6 32. Rc7 Rd7 33. Rc8+ Kg7
34. d5 g4 35. g3 h5 36. R1c4 h4 37. gxh4 Qe5 38. Qd4 Qe7 39. Qf4 Qe5 40. h5
Qxf4 41. exf4 Rh6 42. R4c7 Rxc7 43. Rxc7 Rxh5 44. Rxa7 Rh3 45. Ra6 Rd3 46. Rxb6
Rxd5 47. a4 Rd1+ 48. Kg2 d5 49. a5 d4 50. a6 d3 51. Rd6 d2 52. b6 Rb1 53. b7
Rb6 54. Rxd2 1-0

[Event "Open Parla 2008"]
[Site "Parla ESP"]
[Date "2008.09.13"]
[Round "8.39"]
[White "Diaz Begonte, Manuel"]
[Black "Cortes Jurado, Rafael"]
[Result "0-1"]
[WhiteElo "1855"]
[BlackElo "2040"]
[PlyCount "62"]
[EventDate "2008.09.06"]
[EventType "swiss"]
[EventRounds "9"]
[EventCountry "AUT"]
[Source "lmi"]
[SourceDate "2008.09.06"]

1. e4 c5 2. d4 cxd4 3. c3 dxc3 4. Nxc3 Nc6 5. Nf3 e6 6. Bc4 Qc7 7. Qe2 Nf6 8.
h3 d6 9. O-O Be7 10. Bg5 a6 11. Rac1 O-O 12. a3 Bd7 13. Ba2 Rac8 14. Rfd1 h6
15. Bf4 e5 16. Be3 Be6 17. Nd5 Qd8 18. Bb6 Qd7 19. b4 Bxd5 20. exd5 Nb8 21. Bc4
Bd8 22. Be3 b5 23. Ba2 Rxc1 24. Rxc1 Qb7 25. Qd2 Bb6 26. Bxh6 Ne4 27. Qc2 Nxf2
28. Kh2 gxh6 29. Qf5 Qd7 30. Qf6 Be3 31. Rc3 Bf4+ 0-1

[Event "Open Parla 2008"]
[Site "Parla ESP"]
[Date "2008.09.13"]
[Round "8.40"]
[White "Martinez Martinez, Antonio"]
[Black "Penaranda Grilo, Juan Carlos"]
[Result "0-1"]
[WhiteElo "1748"]
[BlackElo "1961"]
[PlyCount "52"]
[EventDate "2008.09.06"]
[EventType "swiss"]
[EventRounds "9"]
[EventCountry "AUT"]
[Source "lmi"]
[SourceDate "2008.09.06"]

1. e4 c6 2. c4 d5 3. cxd5 cxd5 4. e5 Nc6 5. d4 Bf5 6. Bb5 Bxb1 7. Rxb1 Qa5+ 8.
Bd2 Qxb5 9. Ne2 e6 10. O-O Nge7 11. a4 Qb6 12. b4 Nf5 13. a5 Qd8 14. Qa4 Qd7
15. Bc3 Nxe5 16. b5 Nc4 17. Rfe1 Be7 18. g4 Nfd6 19. Nf4 O-O 20. Nd3 Ne4 21.
Rxe4 dxe4 22. Nc5 Bxc5 23. dxc5 Nd2 24. Rd1 Nf3+ 25. Kh1 Qc7 26. Rd6 Qxc5 0-1

[Event "Open Parla 2008"]
[Site "Parla ESP"]
[Date "2008.09.13"]
[Round "8.41"]
[White "Tolosana Esteban, Enrique"]
[Black "Callejo Hernanz, Jesus Maria"]
[Result "1-0"]
[WhiteElo "1954"]
[BlackElo "1852"]
[PlyCount "63"]
[EventDate "2008.09.06"]
[EventType "swiss"]
[EventRounds "9"]
[EventCountry "AUT"]
[Source "lmi"]
[SourceDate "2008.09.06"]

1. e4 c5 2. Nf3 d6 3. d4 Nf6 4. Nc3 cxd4 5. Nxd4 g6 6. Be2 Bg7 7. Be3 O-O 8.
Qd2 Nc6 9. O-O-O Ng4 10. Bxg4 Bxg4 11. f3 Bd7 12. h4 h5 13. g4 Qa5 14. gxh5
Qxh5 15. Nd5 Rab8 16. Nxc6 bxc6 17. Nxe7+ Kh7 18. c3 Qa5 19. a3 Rb5 20. h5 Rxh5
21. Qxd6 Be6 22. Nxc6 Qa4 23. Rxh5+ gxh5 24. Rh1 Qb5 25. Nd4 Qd3 26. Rxh5+ Kg8
27. Bf4 Qf1+ 28. Kc2 Ba2 29. Bc1 Bc4 30. Nf5 Qe2+ 31. Bd2 Bf6 32. Qg3+ 1-0